000
00245nmm a2200085Ia 4500
008
220120s9999||||xx |||||||||||||||||und||
100
_a
Open source for you
245
0
_a
Fedora-29, workstation, Live 64 bit, tails3.11, Centos7-1810
260
_c
43466
999
_c
140091
_d
140091